Diary of a wimpy kid / (Record no. 343558)
[ view plain ]
| 000 -LEADER | |
|---|---|
| fixed length control field | 00460nam a2200193Ia 4500 |
| 008 - FIXED-LENGTH DATA ELEMENTS--GENERAL INFORMATION | |
| fixed length control field | 170918s9999 xx 000 0 und d |
| 020 ## - INTERNATIONAL STANDARD BOOK NUMBER | |
| International Standard Book Number | 9780810988934 |
| 050 ## - LIBRARY OF CONGRESS CALL NUMBER | |
| Item number | K558d 2007 |
| 100 ## - MAIN ENTRY--PERSONAL NAME | |
| Personal name | Kinney, Jeff |
| 245 ## - TITLE STATEMENT | |
| Title | Diary of a wimpy kid / |
| 245 ## - TITLE STATEMENT | |
| Statement of responsibility, etc | by Jeff Kinney. |
| 260 ## - PUBLICATION, DISTRIBUTION, ETC. (IMPRINT) | |
| Place of publication, distribution, etc | USA : |
| 260 ## - PUBLICATION, DISTRIBUTION, ETC. (IMPRINT) | |
| Name of publisher, distributor, etc | Amulet Books, |
| 260 ## - PUBLICATION, DISTRIBUTION, ETC. (IMPRINT) | |
| Date of publication, distribution, etc | 2007 |
| 300 ## - PHYSICAL DESCRIPTION | |
| Extent | 217 pages : |
| 300 ## - PHYSICAL DESCRIPTION | |
| Other physical details | illustrations ; |
| 300 ## - PHYSICAL DESCRIPTION | |
| Dimensions | 19cm. |
| 300 ## - PHYSICAL DESCRIPTION | |
| Accompanying material | Diary of a wimpy kid. |
| Withdrawn status | Lost status | Damaged status | Home library | Current library | Date acquired | Total Checkouts | Full call number | Barcode | Date last seen | Price effective from | Koha item type |
|---|---|---|---|---|---|---|---|---|---|---|---|
| Stonyhurst Southville International School (Malarayat) | Stonyhurst Southville International School (Malarayat) | 09/18/2017 | GS FIC K558d 2007 | SSISM2630 | 09/18/2017 | 09/18/2017 | Books |